Jesús, el templo y los viles mercaderes (Record no. 1655)

MARC details
000 -LEADER
fixed length control field 00739 #a2200265 #4500
001 - CONTROL NUMBER
control field BNM000864
005 - DATE AND TIME OF LATEST TRANSACTION
control field 20140409105502.0
008 - FIXED-LENGTH DATA ELEMENTS--GENERAL INFORMATION
fixed length control field aespañol
020 ## - INTERNATIONAL STANDARD BOOK NUMBER
International Standard Book Number 987-558-003-1
040 ## - CATALOGING SOURCE
Original cataloging agency AR-C50180D0
100 ## - MAIN ENTRY--PERSONAL NAME
Personal name Padoan, Marcelo
245 ## - TITLE STATEMENT
Title Jesús, el templo y los viles mercaderes
Remainder of title un examen de la discursividad yrigoyenista
Statement of responsibility, etc Marcelo Padoan
250 ## - EDITION STATEMENT
Edition statement 1a.ed.
260 ## - PUBLICATION, DISTRIBUTION, ETC. (IMPRINT)
Place of publication, distribution, etc Bernal
Name of publisher, distributor, etc Universidad Nacional de Quilmes
Date of publication, distribution, etc 2002
300 ## - PHYSICAL DESCRIPTION
Extent 248 p.
440 ## - SERIES STATEMENT/ADDED ENTRY--TITLE
Title La ideología argentina
600 ## - SUBJECT ADDED ENTRY--PERSONAL NAME
Personal name UNION CIVICA RADICAL
600 ## - SUBJECT ADDED ENTRY--PERSONAL NAME
Personal name YRIGOYEN, HIPOLITO
650 ## - SUBJECT ADDED ENTRY--TOPICAL TERM
Topical term or geographic name as entry element PARTIDO POLITICO
653 ## - INDEX TERM--UNCONTROLLED
Uncontrolled term RADICALISMO
800 ## - SERIES ADDED ENTRY--PERSONAL NAME
Personal name Terán, Oscar
942 ## - ADDED ENTRY ELEMENTS (KOHA)
Source of classification or shelving scheme Dewey Decimal Classification
Item type Libro, folleto, traducción
Holdings
Withdrawn status Lost status Source of classification or shelving scheme Damaged status Not for loan Home library Current library Date acquired Total Checkouts Full call number Barcode Date last seen Date last borrowed Price effective from Koha item type
    Dewey Decimal Classification     Biblioteca Central Biblioteca Central 09/04/2014 1 324.282 PAD UNAJ14040416 25/04/2025 21/11/2014 09/04/2014 Libro, folleto, traducción

Lunes a Viernes 8:30 a 19:00 hs. Cerrado por mudanza
Av.Calchaqui 6200 Florencio Varela (CP188) 2°piso Edificio Mosconi Aula 209-210
Mail: bibliotecacentralunaj@gmail.com  
Whatsapp(54 9)1122668024    ❔Pregunte a la bibliotecaria
© Universidad Nacional Arturo Jauretche | Secretaría Académica | Biblioteca Central UNAJ